|
|
|
|
| LEADER |
00842nab a2200229 i 4500 |
| 001 |
misc25614 |
| 005 |
20191108150055.0 |
| 008 |
170906s1962 hu o 0|| zxx d |
| 040 |
|
|
|a SZTE Miscellanea Repozitórium
|b hun
|
| 041 |
|
|
|a zxx
|
| 100 |
1 |
|
|a Poberai Mária
|
| 245 |
1 |
0 |
|a Vergleichende histologische Untersuchungen über die Struktur der Wand der Lymphgefässe
|h [elektronikus dokumentum] :
|b III. Histologischer Bau der Wand der peripherischen Lymphgefässe /
|c Poberai Mária
|
| 260 |
|
|
|c 1962
|
| 300 |
|
|
|a 229-238
|
| 490 |
0 |
|
|a Kolligátum
|
| 695 |
|
|
|a Nyirokkeringés - szövettan
|
| 700 |
0 |
1 |
|a Gellért Albert
|e aut
|
| 700 |
0 |
1 |
|a Nagy István
|e aut
|
| 700 |
0 |
1 |
|a Lippai József
|e aut
|
| 700 |
0 |
1 |
|a Kozma Márta
|e aut
|
| 700 |
0 |
1 |
|a Nagy Sándor
|e aut
|
| 856 |
4 |
0 |
|u http://misc.bibl.u-szeged.hu/25614/1/017_019_229-238.pdf
|z Dokumentum-elérés
|